Eger als antihussitisches Zentrum und als Verhandlungsort während des Basler Konzils
| Titel: | Eger als antihussitisches Zentrum und als Verhandlungsort während des Basler Konzils |
|---|---|
| Verfasser: | |
| In: |
Die hussitische Revolution, (2012), Seite 143-162 alle Artikel anzeigen |
| Veröffentlicht: | 2012 |
| Format: | Aufsatz |
| Sprache: | Deutsch |
X
alg: 39263668
001A $01999:11-11-16
001B $01999:21-05-21 $t16:53:00.000
001D $01999:11-11-16
001U $0utf8
001X $00
002@ $0Aox
003@ $0392636689
007A $0392636689 $aHEB
007T $0Herdc0082926m
010@ $ager
011@ $a2012
021A $aEger als antihussitisches Zentrum und als Verhandlungsort während des Basler Konzils
028A $aFaltenbacher $dHeike
031A $h143-162 $j2012
039B $aIn $8--Aau--. Die @hussitische Revolution. - Köln {[u.a.] : Böhlau, 2012. - VI, 292 S.. - ISBN 978-3-412-20891-2 $x201200000000000857 $9293910243
045F $a200.943710902 $eDDC23BSB
045F/01 $a200.9
045F/03 $f0902
045F/03 $g4371
lok: 39263668 78
exp: 39263668 78 1 #EPN
201B/01 $026-11-17 $t01:12:42.000
201U/01 $0utf8
203@/01 $0788735373
208@/01 $a11-11-16 $be
209A/01 $a/ $f000 $x00
220C/01 $aTitelaufnehmer: ds
220C/01 $aHerkunft: HI Marburg
220C/01 $aAnmerkung: *ng
244Z/01 $#Tschechien $#Tschechische Republik $#Tschechische Republik $#Tschechenland $#Tschechei Tschechien $#Česká Republika $#Czech Republic $#ČR $74303381-7 $8--Tg1--Tschechien $x01 $9086659812
244Z/01 $2Trx $#Böhmen $#Bohemia $#Czechy $8--Trx--Čechy $x02 $9391188941
244Z/01 $aGeschichte 1135-1437 $x03
244Z/01 $2Trx $#kirikute ajalugu $#bažnyčios istorija $#Church history $#egyháztörténet $#historia Kościoła $#dejiny cirkvi $#dějiny církevní $8--Trx--Kirchengeschichte $x04 $9391359169
244Z/01 $2Trx $8--Trx--Einzelbeiträge $x05 $9391384570
245Z/01 $a10.02.01 $x01
247C/01 $82080>Marburg/Lahn, Herder-Institut, Forschungsbibliothek, Bibliographieportal $9336309341
| LEADER | 00000caa a22000002c 4500 | ||
|---|---|---|---|
| 001 | 392636689 | ||
| 003 | DE-603 | ||
| 005 | 20210521165300.0 | ||
| 007 | tu | ||
| 008 | 161111s2012 xx |||| | u00||u|ger c | ||
| 035 | |a (DE-599)HEB392636689 | ||
| 040 | |a DE-603 |b ger |c DE-603 |d DE-603 | ||
| 041 | |a ger | ||
| 082 | 0 | 4 | |8 1\u |a 200.943710902 |q DE-101 |2 23/BSB |
| 085 | |8 1\u |b 200.9 | ||
| 085 | |8 1\u |z 1 |s 0902 | ||
| 085 | |8 1\u |z 2 |s 4371 | ||
| 100 | 1 | |a Faltenbacher, Heike | |
| 245 | 0 | 0 | |a Eger als antihussitisches Zentrum und als Verhandlungsort während des Basler Konzils |
| 264 | 0 | |c 2012 | |
| 773 | 0 | 8 | |i In |t Die hussitische Revolution |d Köln [u.a.] : Böhlau, 2012 |h VI, 292 S., 240 mm x 170 mm |z 9783412208912 |z 3412208914 |g (2012), Seite 143-162 |w (DE-603)293910243 |
| 924 | 0 | |9 2080 |a (DE-603)788735373 |b DE-2080 |c HES |d d |g / | |


